Applied mathematics
Αποθηκεύτηκε σε:
| Κύριος συγγραφέας: | |
|---|---|
| Μορφή: | Βιβλίο |
| Γλώσσα: | English |
| Δημοσίευση: |
Hoboken, N.J. :
Wiley-Interscience,
c2006
|
| Έκδοση: | 3rd ed. |
| Θέματα: | |
| Ετικέτες: |
Προσθήκη ετικέτας
Δεν υπάρχουν, Καταχωρήστε ετικέτα πρώτοι!
|
MARC
| LEADER | 00000nam a2200000 i 4500 | ||
|---|---|---|---|
| 001 | 1/48207 | ||
| 008 | 070716s2006 eng d | ||
| 020 | |a 978-0-471-74662-1 | ||
| 020 | |a 0-471-74662-2 | ||
| 035 | |l 10088853 | ||
| 040 | |a GR-MY-UA |b gre |e aacr | ||
| 041 | 0 | |a eng | |
| 082 | 0 | |a 510 |2 (22) | |
| 100 | 1 | |a Logan, J. David |q (John David) | |
| 245 | 1 | 0 | |a Applied mathematics / |c J. David Logan |
| 250 | |a 3rd ed. | ||
| 260 | |a Hoboken, N.J. : |b Wiley-Interscience, |c c2006 | ||
| 300 | |a xiv, 529 σ.; |b εικ.; |c 25 εκ. | ||
| 504 | |a Περιέχει βιβλιογραφία και ευρετήριο | ||
| 650 | 0 | 0 | |a Mathematics |v Textbooks. |
| 852 | |a INST |b LESVOS |e 20070716 |h 510 LOG |p 005100041493 |q 005100041493 |t BK |y 0 | ||
| 901 | |a BIBL1-2007-2 | ||
| 909 | |a Λ |b 135740 | ||
| 922 | |a 1ΕΛΗ |b 200706 |c ΕΠΕΑΕΚ2/ΤΕΘ |d ΠΑΠΑΣΩΤΗΡΙΟΥ | ||
| 970 | |a ΚΑΡΑ |b ΓΙΑΣΕΜΗ |z 2007/07/16 | ||